Circuit troubleshooting handbook (Record no. 178589)
[ view plain ]
| 000 -LEADER | |
|---|---|
| fixed length control field | 01498 a2200241 4500 |
| 003 - CONTROL NUMBER IDENTIFIER | |
| control field | Nust |
| 005 - DATE AND TIME OF LATEST TRANSACTION | |
| control field | 20220815144130.0 |
| 010 ## - LIBRARY OF CONGRESS CONTROL NUMBER | |
| LC control number | 98039250 |
| 020 ## - INTERNATIONAL STANDARD BOOK NUMBER | |
| International Standard Book Number | 0070381852 (hardcover) |
| 020 ## - INTERNATIONAL STANDARD BOOK NUMBER | |
| International Standard Book Number | 0070381860 (softcover) |
| 040 ## - CATALOGING SOURCE | |
| Transcribing agency | Nust |
| 082 00 - DEWEY DECIMAL CLASSIFICATION NUMBER | |
| Classification number | 621.3815,LEN |
| 100 1# - MAIN ENTRY--PERSONAL NAME | |
| Personal name | Lenk, John D. |
| 9 (RLIN) | 57741 |
| 245 00 - TITLE STATEMENT | |
| Title | Circuit troubleshooting handbook |
| Statement of responsibility, etc. | John D. Lenk. |
| 260 ## - PUBLICATION, DISTRIBUTION, ETC. | |
| Place of publication, distribution, etc. | New York : |
| Name of publisher, distributor, etc. | McGraw-Hill, |
| Date of publication, distribution, etc. | c1999. |
| 300 ## - PHYSICAL DESCRIPTION | |
| Extent | xv, 390 p. : |
| Other physical details | ill. ; |
| Dimensions | 25 cm. |
| 505 ## - FORMATTED CONTENTS NOTE | |
| Formatted contents note | Op –amp Circuits Troubleshooting (Page-1), OTA Circuits Troubleshooting (Page -69), Current Feedback Amplifier Circuits Troubleshooting (Page-79), Shopper Stabilized Amplifier Circuits Troubleshooting (Page-103),Wideband Tran conductance Amplifier Circuits Troubleshooting (Page-119), Audio Amplifier Circuits Troubleshooting (Page- 133), Linear Supply Circuits Troubleshooting (Page-185), Swathing Supply Circuits Troubleshooting (Page-239),Charge Pump Circuits Troubleshooting (Page-275),Data Converter Circuits Troubleshooting (Page-287),Voltage Frequency Converter Circuits Troubleshooting (Page-329), Oscillator /Generator Circuits Troubleshooting (Page-361). |
| 650 #0 - SUBJECT ADDED ENTRY--TOPICAL TERM | |
| Topical term or geographic name entry element | Telecommunication Engineering. |
| 856 42 - ELECTRONIC LOCATION AND ACCESS | |
| Materials specified | Contributor biographical information |
| Uniform Resource Identifier | <a href="http://www.loc.gov/catdir/bios/mh041/98039250.html">http://www.loc.gov/catdir/bios/mh041/98039250.html</a> |
| 856 42 - ELECTRONIC LOCATION AND ACCESS | |
| Materials specified | Publisher description |
| Uniform Resource Identifier | <a href="http://www.loc.gov/catdir/description/mh023/98039250.html">http://www.loc.gov/catdir/description/mh023/98039250.html</a> |
| 856 42 - ELECTRONIC LOCATION AND ACCESS | |
| Materials specified | Table of contents |
| Uniform Resource Identifier | <a href="http://www.loc.gov/catdir/toc/mh022/98039250.html">http://www.loc.gov/catdir/toc/mh022/98039250.html</a> |
| 942 ## - ADDED ENTRY ELEMENTS (KOHA) | |
| Koha item type | Reference |
| Source of classification or shelving scheme | |
| Withdrawn status | Lost status | Source of classification or shelving scheme | Damaged status | Not for loan | Permanent Location | Current Location | Shelving location | Date acquired | Full call number | Barcode | Date last seen | Price effective from | Koha item type | Public note |
|---|---|---|---|---|---|---|---|---|---|---|---|---|---|---|
| Military College of Signals (MCS) | Military College of Signals (MCS) | Reference | 12/12/2016 | 621.3815,LEN | MCS28174 | 12/08/2016 | 12/12/2016 | Reference | Almirah No.21, Shelf No.4 |
